Legislación hipotecaria / (Record no. 169547)

MARC details
000 -LEADER
campo de control de longitud fija 01154nam a2200313 i 4500
001 - NÚMERO DE CONTROL
campo de control 169547
003 - IDENTIFICADOR DE NÚMERO DE CONTROL
campo de control ES-MaACL
005 - FECHA Y HORA DE LA ÚLTIMA TRANSACCIÓN
campo de control 20250827062636.0
008 - DATOS DE LONGITUD FIJA--INFORMACIÓN GENERAL
campo de control de longitud fija 081010s2008 sp |||| | spa d
017 ## - NÚMERO DE COPYRIGHT O DE DEPÓSITO LEGAL
Número de copyright o de depósito legal B 32.555-2008
020 ## - NÚMERO INTERNACIONAL ESTÁNDAR DEL LIBRO
Número Internacional Estándar del Libro 978-84-309-4737-9
080 ## - NÚMERO DE LA CLASIFICACIÓN DECIMAL UNIVERSAL
Número de la Clasificación Decimal Universal 347.27(460)"19/20"(094.5)
110 1# - ENTRADA PRINCIPAL--NOMBRE DE ENTIDAD CORPORATIVA
Nombre de entidad corporativa o nombre de jurisdicción como elemento de entrada España
9 (RLIN) 3622
240 00 - TÍTULO UNIFORME
Título uniforme Leyes, etc., hipotecarias
245 10 - MENCIÓN DEL TÍTULO
Título Legislación hipotecaria /
Mención de responsabilidad, etc. edición preparada por Fernando Morillo González ; bajo la dirección de Rodrigo Bercovitz Rodríguez-Cano.
250 ## - MENCION DE EDICION
Mención de edición 23ª ed.
260 ## - PUBLICACIÓN, DISTRIBUCIÓN, ETC.
Lugar de publicación, distribución, etc. Madrid :
Nombre del editor, distribuidor, etc. Tecnos,
Fecha de publicación, distribución, etc. 2008.
300 ## - DESCRIPCIÓN FÍSICA
Extensión 842 p. ;
Dimensiones 17 cm.
490 1# - MENCIÓN DE SERIE
Mención de serie Biblioteca de textos legales ;
Designación de volumen o secuencia 9
500 ## - NOTA GENERAL
Nota general Índice.
500 ## - NOTA GENERAL
Nota general En cub.: "Edición actualizada, septiembre de 2008"
650 #4 - PUNTO DE ACCESO ADICIONAL DE MATERIA--TÉRMINO DE MATERIA
Término de materia o nombre geográfico como elemento de entrada Hipotecas-
Subdivisión geográfica España-
Subdivisión de forma Legislación.
9 (RLIN) 13366
700 0# - ENTRADA AGREGADA--NOMBRE PERSONAL
Nombre de persona Morillo González, Fernando.
9 (RLIN) 83559
700 1# - ENTRADA AGREGADA--NOMBRE PERSONAL
Nombre de persona Bercovitz Rodríguez-Cano, Rodrigo.
9 (RLIN) 27857
830 0# - PUNTO DE ACCESO ADICIONAL DE SERIE-TÍTULO UNIFORME
Título uniforme Biblioteca de textos legales ;
Designación de volumen o secuencia 9
9 (RLIN) 177271
852 4# - LOCALIZACIÓN
Ubicación ES-MaACL
Número de control de estantería A-15265
itemnumber 176201
Sublocalización o colección R.143966
Ubicación en estantería Depósito 1
Signatura antigua Olim: L 347.27(460)"2008" ESP
-- Olim: Meseton
942 ## - ELEMENTOS DE ENTRADA SECUNDARIOS (KOHA)
Fuente del sistema de clasificación o colocación Clasificación decimal universal
Holdings
Estatus retirado Estado de pérdida Fuente del sistema de clasificación o colocación Estado de daño No para préstamo Biblioteca de origen Biblioteca actual Ubicación en estantería Fecha de adquisición Fuente de adquisición Total de préstamos Signatura topográfica completa Código de barras Visto por última vez Precio de reemplazo Tipo de ítem Koha
    Clasificación decimal universal     Biblioteca del Ateneo de Madrid Biblioteca del Ateneo de Madrid Depósito 1 10/10/2008 Compra   A-15265 1177996 23/02/2023 23/02/2023 Libro impreso